000 00593nam a2200193 i 4500
001 37328
003 ES-MaACL
005 20260525062925.0
007 t|
008 030220s1972 sp ||||1| spa d
100 1 _aBuero Vallejo, Antonio,
_d1916-2000
_932421
245 1 0 _aEn la ardiente oscuridad
_b: un soñador para un pueblo /
_cAntonio Buero Vallejo.
260 _aMadrid :
_bEspasa-Calpe,
_c[1972]
300 _a208 p. ;
_c18 cm.
490 1 _aColección austral ;
_v1510
830 0 _aColección austral
_v1510
_9177655
852 _aES-MaACL
_jC-52125
_bR.84442
999 _c37328
_d37328